000
00307nam a22001457a 4500
008
210527b ||||| |||| 00| 0 eng d
020
_a
9780735623040
041
_a
eng
080
_a
004
082
_2
004
100
_a
28
101
_a
SHKI
245
_a
Step by Step
_c
Curtis D. Frye
942
_2
udc
_c
BK
999
_c
57732
_d
57732